ბათუმის შოთა რუსთაველის სახელმწიფო უნივერსიტეტის ბიბლიოთეკა

იყალთოელი ბიჭები (ბიბ.ჩანაწერი № 42749)

000 -LEADER
fixed length control field 00886nam a2200229Ia 4500
001 - CONTROL NUMBER
control field 9455
003 - CONTROL NUMBER IDENTIFIER
control field GE_BSU
008 - FIXED-LENGTH DATA ELEMENTS--GENERAL INFORMATION
fixed length control field 181216s||||||||xx |||||||||||||| ||und||
040 ## - CATALOGING SOURCE
Transcribing agency GE_BSU
080 ## - UNIVERSAL DECIMAL CLASSIFICATION NUMBER
Universal Decimal Classification number 82-93:821.353.1-32
100 ## - MAIN ENTRY--PERSONAL NAME
Personal name მრელაშვილი,ლადო
245 ## - TITLE STATEMENT
Title იყალთოელი ბიჭები
245 ## - TITLE STATEMENT
Remainder of title მოთხრობა საშუალო სასკ. ასაკის ბავშვთ.
245 ## - TITLE STATEMENT
Statement of responsibility, etc. რედ.ბ.კეშელავა.მხატვ. თ.სამსონაძე
260 ## - PUBLICATION, DISTRIBUTION, ETC.
Place of publication, distribution, etc. თბილისი
260 ## - PUBLICATION, DISTRIBUTION, ETC.
Name of publisher, distributor, etc. ნაკადული
260 ## - PUBLICATION, DISTRIBUTION, ETC.
Date of publication, distribution, etc. 1968
300 ## - PHYSICAL DESCRIPTION
Extent 274გვ.ილ.20სმ.
653 ## - INDEX TERM--UNCONTROLLED
Uncontrolled term იყალთოელი ბიჭები
653 ## - INDEX TERM--UNCONTROLLED
Uncontrolled term მოთხრობა საშუალო სასკ. ასაკის ბავშვთ.
942 ## - ADDED ENTRY ELEMENTS (KOHA)
Koha item type წიგნი
ეგზემპლარები
Withdrawn status Lost status Damaged status Not for loan Date acquired Barcode Date last seen Price effective from Koha item type
        2018-12-17 32398 2018-12-17 2018-12-17 წიგნი